Statistics for Germanic or Romance etymology #2: To say

Click here to take the quiz!

General Stats

  • This quiz has been taken 105 times
  • The average score is 8 of 10

Answer Stats

QuestionAnswer% Correct
To communicateRomance
95%
To voiceRomance
94%
To verbalizeRomance
92%
To narrateRomance
89%
To speakGermanic
87%
To sayGermanic
85%
To tellGermanic
78%
To whisperGermanic
69%
To talkGermanic
66%
To chatGermanic
43%

Score Distribution

Percentile by Number Answered

Percent of People with Each Score

Your Score History

You have not taken this quiz